| 000 | 01024cam a2200289 a 4500 | ||
|---|---|---|---|
| 001 | 3141 | ||
| 005 | 20250602093208.0 | ||
| 020 | _a9780439678773 | ||
| 040 |
_aANL _beng _cDLC d SSL _dANL _dDLC |
||
| 050 | 0 | 0 |
_aPZ7.L144 _b2003 |
| 082 | 0 | 0 | _a829.3 |
| 100 | 1 |
_aLaguna, Sofie _d1968- |
|
| 245 | 1 | 0 |
_aToo loud Lily / _cwritten by Laguna, Sofie ; illustrated by Argent , Kelly |
| 250 | _aFirst Scholastic paperback printing , September 2004 | ||
| 260 |
_aNew York : _bScholastic , _c2002 |
||
| 300 |
_a29 unnumbered pages : _bcolor illustrations ; _c29 cm. |
||
| 505 | _aK | ||
| 520 | _aLily Hippo's family and friends often complain that she is too loud and noisy, but that loudness makes her a hit in the school play. | ||
| 521 | 0 |
_a510
_bLexile |
|
| 521 | 0 |
_aK
_bRaz-Plus |
|
| 650 | 1 |
_aNoise _vFiction. |
|
| 650 | 1 |
_aHippopotamuses _vFiction. |
|
| 650 | 1 |
_aAnimals _vFiction. |
|
| 700 | 1 |
_aArgent, Kerry _d1960- _eillustrator |
|
| 906 |
_a7 _bcbc _ccopycat _d3 _encip _f20 _gy-gencatlg |
||
| 942 |
_2ddc _cBK _n0 |
||
| 999 |
_c3141 _d3141 |
||